An Investigation into the Potential of Pure and Doped Tio2 Nanoparticles for the Abatement of Air Pollution / (Record no. 528023)

000 -LEADER
fixed length control field 00629nam a22001697a 4500
082 ## - DEWEY DECIMAL CLASSIFICATION NUMBER
Classification number 200
100 ## - MAIN ENTRY--PERSONAL NAME
Linkage Tio2
Personal name Shahzad, Naeem
245 ## - TITLE STATEMENT
Title An Investigation into the Potential of Pure and Doped Tio2 Nanoparticles for the Abatement of Air Pollution /
Statement of responsibility, etc. Naeem Shahzad.
260 ## - PUBLICATION, DISTRIBUTION, ETC.
Place of publication, distribution, etc. Islamabad:
Name of publisher, distributor, etc. IESE (SCEE) NUST,
Date of publication, distribution, etc. 2012.
300 ## - PHYSICAL DESCRIPTION
Extent 231 p.: ill.;
Dimensions 35cm.
650 ## - SUBJECT ADDED ENTRY--TOPICAL TERM
Topical term or geographic name entry element PhD- Environmental Engineering
700 ## - ADDED ENTRY--PERSONAL NAME
Linkage Supervisor:Dr. M. Anwar Baig
856 ## - Uniform Resource Identifier
Uniform Resource Identifier <a href="http://10.250.8.41:8080/xmlui/handle/123456789/26441">http://10.250.8.41:8080/xmlui/handle/123456789/26441</a>
942 ## - ADDED ENTRY ELEMENTS (KOHA)
Source of classification or shelving scheme
Koha item type Soft Copy
650 ## - SUBJECT ADDED ENTRY--TOPICAL TERM
-- 123218
Holdings
Withdrawn status Lost status Source of classification or shelving scheme Damaged status Not for loan Permanent Location Current Location Shelving location Date acquired Full call number Barcode Date last seen Price effective from Koha item type
          Central Library (CL) Central Library (CL) Thesis 08/26/2019 200 CLPT-406 08/26/2019 08/26/2019 Thesis
© 2023 Central Library, National University of Sciences and Technology. All Rights Reserved.